[Event "Girona Gerunda op"]
[Site "Girona"]
[Date "2022.05.13"]
[Round "4"]
[White "Gili Cufi, Victor"]
[Black "Saurina Suner, Francesc Xavier"]
[Result "0-1"]
[WhiteElo "1625"]
[BlackElo "1950"]
[PlyCount "64"]
[EventDate "2022.04.22"]
[EventType "swiss"]
[EventRounds "8"]
[EventCountry "ESP"]
[SourceTitle "EXT 2023"]
[Source "ChessBase"]
[SourceDate "2022.10.05"]
[SourceVersion "1"]
[SourceVersionDate "2022.10.05"]
[SourceQuality "1"]

1. d4 d5 2. c4 c6 3. Nc3 Nf6 4. Nf3 e6 5. Bg5 dxc4 6. e4 b5 7. e5 h6 8. Bh4 g5 9. exf6 gxh4 10. Ne5 Qxf6 11. a4 a6 12. axb5 cxb5 13. Nxb5 axb5 14. Rxa8 Bb4+ 15. Ke2 Bd6 16. Ng4 Qg6 17. f3 Bb7 18. Ra7 Bd5 19. Kf2 0-0 20. Be2 Nc6 21. Rd7 Bb8 22. Qd2 Ba7 23. Nxh6+ Kg7 24. Ng4 Bxd4+ 25. Ke1 Ra8 26. Bd1 Ra2 27. Bc2 Qh5 28. Qf4 Bxb2 29. Ne5 Qxe5+ 30. Qxe5+ Nxe5 31. Rc7 Bc3+ 32. Ke2 Rxc2+ 0-1

[Event "Girona Gerunda op"]
[Site "Girona"]
[Date "2022.05.06"]
[Round "3"]
[White "Saurina Suner, Francesc Xavier"]
[Black "Valle Luis, Leo"]
[Result "0-1"]
[WhiteElo "1950"]
[BlackElo "1915"]
[PlyCount "48"]
[EventDate "2022.04.22"]
[EventType "swiss"]
[EventRounds "8"]
[EventCountry "ESP"]
[SourceTitle "EXT 2023"]
[Source "ChessBase"]
[SourceDate "2022.10.05"]
[SourceVersion "1"]
[SourceVersionDate "2022.10.05"]
[SourceQuality "1"]

1. e4 c6 2. d4 d5 3. e5 c5 4. dxc5 Nc6 5. f4 Nh6 6. Nf3 Bg4 7. Be3 e6 8. c3 Nf5 9. Bf2 g5 10. h3 Bxf3 11. Qxf3 gxf4 12. Qxf4 Bh6 13. Qa4 Qg5 14. Qb3 0-0 15. Be2 Ng3 16. Rg1 Qxe5 17. Qc2 Ne4 18. Rf1 Rad8 19. Na3 Bd2+ 20. Kd1 Bxc3 21. bxc3 Nxc3+ 22. Kd2 Ne4+ 23. Ke3 Qg5+ 24. Kf3 Ne5# 0-1

[Event "Platja d'Aro op-A 7th"]
[Site "Platja d'Aro"]
[Date "2019.06.24"]
[Round "1"]
[White "Perez Mitjans, Orelvis"]
[Black "Saurina Suner, Francesc Xavier"]
[Result "1-0"]
[WhiteElo "2407"]
[BlackElo "2017"]
[PlyCount "21"]
[EventDate "2019.06.24"]
[EventType "swiss"]
[EventRounds "9"]
[EventCountry "ESP"]
[SourceTitle "CBM 191 Extra"]
[Source "ChessBase"]
[SourceDate "2019.09.30"]
[SourceVersion "1"]
[SourceVersionDate "2019.09.30"]
[SourceQuality "1"]

1. e4 e5 2. Nf3 Nc6 3. Bc4 Bc5 4. b4 Bxb4 5. c3 Bd6 6. d4 Nf6 7. 0-0 0-0 8. Nbd2 Re8 9. Ng5 Re7 10. f4 exf4 11. e5 1-0

[Event "Catalunya-ch"]
[Site "Vila Seca"]
[Date "2019.04.19"]
[Round "2"]
[White "Granados Tello, Roman"]
[Black "Saurina Suner, Francesc Xavier"]
[Result "0-1"]
[WhiteElo "1855"]
[BlackElo "2012"]
[PlyCount "115"]
[EventDate "2019.04.18"]
[EventType "swiss"]
[EventRounds "8"]
[EventCountry "ESP"]
[SourceTitle "CBM 189 Extra"]
[Source "ChessBase"]
[SourceDate "2019.06.03"]
[SourceVersion "1"]
[SourceVersionDate "2019.06.03"]
[SourceQuality "1"]

1. e4 e5 2. Nf3 Nc6 3. d4 exd4 4. Nxd4 Bc5 5. Nb3 Bb6 6. Qe2 d6 7. Nc3 Be6 8. Be3 Qe7 9. g3 Nf6 10. Bg2 0-0 11. 0-0 Ne5 12. Nd2 Rad8 13. Bxb6 axb6 14. Rfe1 Nc6 15. Nd5 Bxd5 16. exd5 Qxe2 17. Rxe2 Nb4 18. c4 Rfe8 19. Ne4 Kf8 20. a3 Ra8 21. Rd1 Na6 22. Rdd2 Nxe4 23. Bxe4 Nc5 24. Bc2 Rxe2 25. Rxe2 Na4 26. Bb3 Nc5 27. Bc2 Nd7 28. f4 g6 29. Kf2 Ra5 30. Re3 Nf6 31. h3 b5 32. b4 Ra8 33. cxb5 Nxd5 34. Rd3 Ne7 35. Bd1 Ke8 36. Bf3 d5 37. Bxd5 Nxd5 38. Rxd5 Rxa3 39. Rc5 Kd7 40. Rd5+ Ke6 41. Re5+ Kd6 42. Re4 h5 43. Rd4+ Ke6 44. h4 Rb3 45. Re4+ Kd7 46. Rd4+ Kc8 47. b6 cxb6 48. Rc4+ Kd7 49. Rd4+ Ke6 50. Re4+ Kf5 51. Re7 f6 52. Rxb7 Rxb4 53. Rg7 Rb3 54. Rg8 b5 55. Kg2 b4 56. Rb8 Kg4 57. f5 Kxf5 58. Rg8 0-1

[Event "Girona Tardor Tancat"]
[Site "Girona"]
[Date "2017.10.24"]
[Round "4"]
[White "Saurina Suner, Francesc Xavier"]
[Black "Parramon Ros, Francesco"]
[Result "1/2-1/2"]
[WhiteElo "2147"]
[BlackElo "2224"]
[PlyCount "51"]
[EventDate "2017.09.26"]
[EventType "tourn"]
[EventRounds "9"]
[EventCountry "ESP"]
[SourceTitle "EXT 2019"]
[Source "ChessBase"]
[SourceDate "2018.10.10"]
[SourceVersion "1"]
[SourceVersionDate "2018.10.10"]
[SourceQuality "1"]

1. e4 d6 2. d4 Nf6 3. Nc3 e5 4. Nf3 Nbd7 5. Bc4 Be7 6. dxe5 dxe5 7. Bxf7+ Kxf7 8. Ng5+ Kg8 9. Ne6 Qe8 10. Nxc7 Qg6 11. Qe2 Rb8 12. Be3 b6 13. 0-0-0 h6 14. g4 Nc5 15. g5 hxg5 16. N3d5 Nxd5 17. Nxd5 Qf7 18. b4 Ba6 19. Qg4 Rh4 20. Qg3 Rxe4 21. Nxe7+ Qxe7 22. bxc5 Qe6 23. Qxg5 Qxa2 24. Rhg1 Qa3+ 25. Kd2 Qb4+ 26. Kc1 1/2-1/2

[Event "Platja d'Aro op 5th"]
[Site "Platja d'Aro"]
[Date "2017.06.25"]
[Round "1"]
[White "Gutenev, Alexander"]
[Black "Saurina Suner, Francesc Xavier"]
[Result "1-0"]
[WhiteElo "2455"]
[BlackElo "1990"]
[PlyCount "71"]
[EventDate "2017.06.25"]
[EventType "swiss"]
[EventRounds "9"]
[EventCountry "ESP"]
[SourceTitle "EXT 2018"]
[Source "ChessBase"]
[SourceDate "2017.10.13"]
[SourceVersion "1"]
[SourceVersionDate "2017.10.13"]
[SourceQuality "1"]

1. e4 c5 2. Nf3 d6 3. d4 cxd4 4. Nxd4 Nf6 5. Nc3 g6 6. Be3 Bg7 7. f3 0-0 8. Qd2 Nc6 9. 0-0-0 d5 10. Kb1 Nxd4 11. e5 Nf5 12. exf6 exf6 13. Nxd5 Nxe3 14. Qxe3 Be6 15. Bc4 f5 16. Nc3 Qc8 17. Bxe6 Qxe6 18. Qxe6 fxe6 19. Nb5 Rf7 20. Rhe1 e5 21. c4 a6 22. Nd6 Re7 23. Rd5 b6 24. Kc2 Re6 25. g4 Bf8 26. Red1 Rd8 27. Nxf5 Rxd5 28. cxd5 Rf6 29. Ng3 Rxf3 30. d6 Rf2+ 31. Kc3 Rf3+ 32. Kc4 Rf4+ 33. Kd5 Rd4+ 34. Rxd4 exd4 35. Ke6 Bh6 36. Ne4 1-0

[Event "Moia MC 4th"]
[Site "Moia"]
[Date "2015.10.16"]
[Round "5"]
[White "Valldeoriola Puigdoller, Agusti"]
[Black "Saurina Suner, Francesc Xavier"]
[Result "1-0"]
[WhiteElo "1948"]
[BlackElo "1884"]
[PlyCount "102"]
[EventDate "2015.09.18"]
[EventType "tourn"]
[EventRounds "9"]
[EventCountry "ESP"]
[SourceTitle "EXT 2017"]
[Source "ChessBase"]
[SourceDate "2016.10.25"]
[SourceVersion "1"]
[SourceVersionDate "2016.10.25"]
[SourceQuality "1"]

1. e4 e5 2. Nf3 Nc6 3. d4 exd4 4. Bc4 Nf6 5. 0-0 Nxe4 6. Re1 d5 7. Bxd5 Qxd5 8. Nc3 Qa5 9. Nxe4 Be7 10. Bg5 Be6 11. Bxe7 Nxe7 12. Qxd4 Nf5 13. Qc5 Qxc5 14. Nxc5 Ke7 15. Nxe6 fxe6 16. Ng5 Kf6 17. Nxe6 Rhe8 18. Nf4 c6 19. Kf1 Rad8 20. Rxe8 Rxe8 21. Rd1 Re7 22. c3 g6 23. Nd3 Nd6 24. Nc5 Nc4 25. b3 Na3 26. Rd7 b6 27. Rxe7 Kxe7 28. Ne4 h6 29. Ke2 Ke6 30. f4 Nb5 31. Ke3 Nc7 32. c4 Ne8 33. g4 Nc7 34. Nf2 Ne8 35. Nd3 Nf6 36. h3 Nd7 37. b4 c5 38. b5 Kf6 39. Ke4 Ke6 40. Ne5 Nf6+ 41. Ke3 g5 42. fxg5 hxg5 43. Nc6 Nd7 44. Kd2 Ne5 45. Nxe5 Kxe5 46. Ke3 Kd6 47. Ke4 Ke6 48. a3 Kf6 49. Kd5 Kf7 50. Ke5 Kg6 51. Ke6 Kh7 1-0